[Event "American Continental Blitz 19th"]
[Site "Foz do Iguacu"]
[Date "2025.05.30"]
[Round "2"]
[White "Lima, Darcy Gustavo Macha"]
[Black "Ticona Rocabado, Licael Roderick"]
[Result "1-0"]
[WhiteElo "2380"]
[BlackElo "2359"]
[PlyCount "48"]
[EventDate "2025.05.30"]
[EventType "swiss (blitz)"]
[EventRounds "9"]
[EventCountry "BRA"]
[SourceTitle "CB23_2025"]
[SourceDate "2025.06.04"]
[SourceVersion "1"]
[SourceVersionDate "2025.06.04"]
[SourceQuality "1"]

1. c4 b6 2. d4 Bb7 3. Nc3 e6 4. a3 Nf6 5. Nf3 Be7 6. g3 0-0 7. Bg2 d6 8. d5 e5 9. 0-0 Nbd7 10. b4 a5 11. Bb2 g6 12. e4 Nh5 13. Ne1 Bg5 14. Nd3 Ba6 15. Nb5 Bh6 16. f4 Bxb5 17. cxb5 axb4 18. Nxb4 exf4 19. Nc6 Qe8 20. g4 Bg7 21. e5 dxe5 22. gxh5 g5 23. d6 cxd6 24. Qxd6 Kh8 1-0

[Event "American Continental 19th"]
[Site "Foz do Iguacu"]
[Date "2025.05.24"]
[Round "2"]
[White "Lima, Darcy Gustavo Macha"]
[Black "Brizzi, Milagros Tatiana"]
[Result "1-0"]
[WhiteElo "2380"]
[BlackElo "2152"]
[PlyCount "89"]
[EventDate "2025.05.23"]
[EventType "swiss"]
[EventRounds "11"]
[EventCountry "BRA"]
[SourceTitle "CB23_2025"]
[SourceDate "2025.06.04"]
[SourceVersion "1"]
[SourceVersionDate "2025.06.04"]
[SourceQuality "1"]

1. c4 c6 2. Nf3 d5 3. g3 Nf6 4. Bg2 dxc4 5. 0-0 Nbd7 6. Na3 Nb6 7. Qc2 Be6 8. Ne5 h5 9. Naxc4 Nxc4 10. Nxc4 h4 11. Ne5 Qd4 12. Qc3 Qxc3 13. bxc3 hxg3 14. hxg3 Nd7 15. Nf3 f6 16. d3 Bf7 17. Be3 e5 18. Rab1 b6 19. a4 Bd6 20. Nd2 Bd5 21. Ne4 Ke7 22. c4 Be6 23. a5 Bc7 24. Nc3 Kd6 25. axb6 Bxb6 26. Bxb6 axb6 27. Nb5+ Ke7 28. Bxc6 Rac8 29. Bg2 f5 30. Rfe1 g5 31. Nc3 Kd6 32. g4 Rh4 33. gxf5 Bxf5 34. Ne4+ Bxe4 35. Bxe4 Rg4+ 36. Bg2 Rf8 37. Rb5 Ke6 38. e3 Rc8 39. Kf1 Rh4 40. Bd5+ Kd6 41. Be4 Rc5 42. Bf5 e4 43. Rd1 Kc6 44. Rxc5+ bxc5 45. dxe4 1-0

[Event "American Continental 19th"]
[Site "Foz do Iguacu"]
[Date "2025.05.23"]
[Round "1"]
[White "Andrade, Roberto Luiz Costa"]
[Black "Lima, Darcy Gustavo Macha"]
[Result "0-1"]
[WhiteElo "1959"]
[BlackElo "2380"]
[PlyCount "125"]
[EventDate "2025.05.23"]
[EventType "swiss"]
[EventRounds "11"]
[EventCountry "BRA"]
[SourceTitle "CB23_2025"]
[SourceDate "2025.06.04"]
[SourceVersion "1"]
[SourceVersionDate "2025.06.04"]
[SourceQuality "1"]

1. e4 d6 2. d4 Nf6 3. Nc3 g6 4. f4 Bg7 5. Nf3 0-0 6. Bd3 Nc6 7. e5 dxe5 8. dxe5 Nd5 9. Nxd5 Qxd5 10. Qe2 Bf5 11. Bxf5 gxf5 12. Be3 f6 13. 0-0 fxe5 14. Rfd1 Qe6 15. Ng5 Qg6 16. Rd7 Kh8 17. Qc4 Bf6 18. Ne6 Rg8 19. g3 Qh5 20. Rf1 Rg4 21. Rf2 Rag8 22. Rg2 exf4 23. Bxf4 Ne5 24. Qxc7 Nxd7 25. Qxd7 b6 26. Qd3 Rc8 27. c3 Rgg8 28. Rd2 Rc6 29. Qd7 Qe8 30. Qd5 Qc8 31. Re2 Qa6 32. Re3 Qc4 33. Qd7 Rcc8 34. b3 Qc6 35. Qd3 Rg6 36. Qxf5 Qd7 37. Qc2 Kg8 38. Qe2 Rxc3 39. Rxc3 Bxc3 40. Nc7 Bd4+ 41. Kg2 e5 42. Bxe5 Qc6+ 43. Kh3 Rh6+ 44. Kg4 Qd7+ 45. Kf3 Qc6+ 46. Kg4 Qd7+ 47. Kf3 Bxe5 48. Qxe5 Rxh2 49. Nd5 Qf7+ 50. Nf4 Rh6 51. Qg5+ Rg6 52. Qd8+ Kg7 53. Qd4+ Kh6 54. Qe5 Qf6 55. Qh5+ Kg7 56. Kg2 Qxf4 57. Qxg6+ Kxg6 58. gxf4 h6 59. Kg3 h5 60. Kh4 Kf5 61. Kxh5 Kxf4 62. Kg6 Ke4 63. Kf6 0-1

[Event "Cusco zt 2.4"]
[Site "Cusco"]
[Date "2025.01.30"]
[Round "5"]
[White "Lima, Darcy Gustavo Macha"]
[Black "Bendezu Yupanqui, Albert Martin"]
[Result "1-0"]
[WhiteElo "2370"]
[BlackElo "1822"]
[PlyCount "85"]
[EventDate "2025.01.28"]
[EventType "swiss"]
[EventRounds "9"]
[EventCountry "PER"]
[SourceTitle "CB06_2025"]
[SourceDate "2025.02.05"]
[SourceVersion "1"]
[SourceVersionDate "2025.02.05"]
[SourceQuality "1"]

1. d4 d5 2. c4 c6 3. Nf3 Nf6 4. Nc3 e6 5. g3 Be7 6. Bg2 0-0 7. 0-0 a6 8. a4 Nbd7 9. Qd3 Re8 10. e4 dxe4 11. Nxe4 Nxe4 12. Qxe4 Nf6 13. Qc2 c5 14. Rd1 cxd4 15. Rxd4 Qa5 16. Bd2 Qc7 17. Bf4 Qa5 18. Rad1 Bc5 19. R4d2 h6 20. Be5 Ng4 21. Bc3 Qc7 22. h3 Nxf2 23. Rxf2 Bxf2+ 24. Qxf2 f6 25. b3 Bd7 26. Bd4 Bc6 27. Bb6 Qf7 28. a5 Re7 29. Qe3 Rae8 30. Rf1 Qg6 31. Nh4 Qc2 32. Bxc6 bxc6 33. Qf3 Kf7 34. Rf2 Qb1+ 35. Kh2 Rd7 36. Qh5+ g6 37. Qxh6 Rg8 38. Qf4 f5 39. Nf3 g5 40. Nxg5+ Rxg5 41. Qxg5 Rd1 42. Qh5+ Kg8 43. Qf3 1-0

[Event "Florianopolis op 11th"]
[Site "Florianopolis"]
[Date "2025.01.20"]
[Round "3"]
[White "Lima, Darcy Gustavo Macha"]
[Black "Souza, Rafael Cabral de"]
[Result "1-0"]
[WhiteElo "2370"]
[BlackElo "2100"]
[PlyCount "152"]
[EventDate "2025.01.18"]
[EventType "swiss"]
[EventRounds "10"]
[EventCountry "BRA"]
[SourceTitle "CB05_2025"]
[SourceDate "2025.01.29"]
[SourceVersion "1"]
[SourceVersionDate "2025.01.29"]
[SourceQuality "1"]

1. c4 c5 2. Nf3 Nc6 3. d4 cxd4 4. Nxd4 Nf6 5. g3 g6 6. Bg2 Bg7 7. Nc3 0-0 8. 0-0 Ng4 9. e3 d6 10. Nde2 Bd7 11. b3 Rb8 12. Bb2 a6 13. Nf4 h5 14. Qe2 b5 15. h3 Nh6 16. cxb5 axb5 17. Rfc1 Ne5 18. Ncd5 e6 19. Nb4 d5 20. e4 dxe4 21. Bxe4 Qg5 22. Ng2 f5 23. f4 Qe7 24. Nd5 Qf7 25. fxe5 fxe4 26. Nf6+ Bxf6 27. exf6 e5 28. Bxe5 Rbe8 29. Qxe4 Qxf6 30. Qd5+ Qf7 31. Qc5 Bxh3 32. Nf4 Bd7 33. Bd6 Nf5 34. Bxf8 Rxf8 35. Ne2 Re8 36. Qf2 Qe7 37. Re1 Qg5 38. Qf4 Qf6 39. Rad1 Qb6+ 40. Kh2 Bc8 41. Nd4 Rf8 42. Nxf5 Bxf5 43. Qd4 Qb7 44. Qd5+ Qxd5 45. Rxd5 Ra8 46. Rd2 Kf7 47. Re5 Rb8 48. Rdd5 Ra8 49. Re2 Rb8 50. Rd6 Rb7 51. Kg1 Kg7 52. Kf2 Kh6 53. Ke3 Kg5 54. Rd4 Rc7 55. Rb4 Rc3+ 56. Kf2 Rc5 57. Rd2 Re5 58. Rbd4 Re7 59. Rd5 Rb7 60. Rc5 Rb8 61. Rd4 Kf6 62. Ke3 Ra8 63. a4 bxa4 64. bxa4 Rb8 65. Rc3 Ke5 66. a5 Ra8 67. Rc5+ Ke6 68. Rc6+ Ke7 69. a6 Ra7 70. Kf4 Ke8 71. Kg5 Ra8 72. Rb6 Bc2 73. Rdb4 Kd7 74. Rb7+ Kd6 75. a7 Bf5 76. Rg7 Kd5 1-0

[Event "Rio de Janeiro Duchamp op 5th"]
[Site "Rio de Janeiro"]
[Date "2024.12.02"]
[Round "2"]
[White "Lima, Darcy Gustavo Macha"]
[Black "Chauca, Jose Luis Murga"]
[Result "1-0"]
[WhiteElo "2401"]
[BlackElo "2030"]
[PlyCount "67"]
[EventDate "2024.12.02"]
[EventType "swiss"]
[EventRounds "9"]
[EventCountry "BRA"]
[SourceTitle "CB50_2024"]
[SourceDate "2024.11.01"]
[SourceVersion "1"]
[SourceVersionDate "2024.11.01"]
[SourceQuality "2"]

1. c4 e5 2. g3 Nf6 3. Bg2 d5 4. cxd5 Nxd5 5. Nf3 Bd6 6. Nc3 Nxc3 7. bxc3 0-0 8. 0-0 c6 9. d4 Nd7 10. a4 h6 11. a5 a6 12. Qb3 Re8 13. e3 e4 14. Nd2 Nf6 15. c4 Bc7 16. Qc3 Bf5 17. Re1 Rb8 18. Bb2 Qc8 19. Qc2 Qe6 20. Bc3 Bd6 21. Rab1 Bh3 22. d5 cxd5 23. Bxh3 Qxh3 24. Bxf6 gxf6 25. cxd5 f5 26. Nc4 Bf8 27. Red1 Red8 28. Qa2 h5 29. d6 Bg7 30. Nb6 h4 31. Qe2 hxg3 32. fxg3 Be5 33. Nc4 Bf6 34. Rd5 1-0

[Event "WchT Seniors 50"]
[Site "Krakow"]
[Date "2024.07.11"]
[Round "9.1"]
[White "Lima, Darcy Gustavo Macha"]
[Black "Westphal, Wolfgang"]
[Result "1-0"]
[WhiteElo "2393"]
[BlackElo "2172"]
[PlyCount "45"]
[EventDate "2024.07.02"]
[EventType "team-swiss"]
[EventRounds "9"]
[EventCountry "POL"]
[SourceTitle "CBM 221 Extra"]
[Source "ChessBase"]
[SourceDate "2024.09.30"]
[SourceVersion "1"]
[SourceVersionDate "2024.09.30"]
[SourceQuality "1"]
[WhiteTeam "Brazil 50"]
[BlackTeam "Germany Graal 50"]
[WhiteTeamCountry "BRA"]
[BlackTeamCountry "GER"]

1. c4 e6 2. g3 Nf6 3. Bg2 Be7 4. d4 d5 5. Nf3 0-0 6. 0-0 dxc4 7. Ne5 c5 8. dxc5 Bxc5 9. Nc3 a6 10. Qxd8 Rxd8 11. Bf4 Nd5 12. Rfd1 Nc6 13. Nxc6 bxc6 14. e4 Bb7 15. exd5 cxd5 16. Na4 Ba7 17. b3 Bc6 18. Nc3 cxb3 19. axb3 Re8 20. Ra2 Bb8 21. Be3 Rc8 22. Na4 Bxa4 23. bxa4 1-0

[Event "WchT Seniors 50"]
[Site "Krakow"]
[Date "2024.07.06"]
[Round "5.1"]
[White "Delaney, John Anthony"]
[Black "Lima, Darcy Gustavo Macha"]
[Result "0-1"]
[WhiteElo "2167"]
[BlackElo "2393"]
[PlyCount "132"]
[EventDate "2024.07.02"]
[EventType "team-swiss"]
[EventRounds "9"]
[EventCountry "POL"]
[SourceTitle "CBM 221 Extra"]
[Source "ChessBase"]
[SourceDate "2024.09.30"]
[SourceVersion "1"]
[SourceVersionDate "2024.09.30"]
[SourceQuality "1"]
[WhiteTeam "Ireland 50"]
[BlackTeam "Brazil 50"]
[WhiteTeamCountry "IRL"]
[BlackTeamCountry "BRA"]

1. e4 c5 2. Nf3 d6 3. d4 cxd4 4. Nxd4 Nf6 5. Nc3 Nc6 6. Bg5 e6 7. Qd2 a6 8. 0-0-0 Bd7 9. f3 Nxd4 10. Qxd4 Be7 11. Kb1 Qc7 12. Be3 h5 13. Qb6 Qxb6 14. Bxb6 Rc8 15. Bd3 Bc6 16. Rhe1 Nd7 17. Bd4 Bf6 18. Bxf6 Nxf6 19. Ne2 h4 20. Nd4 Ke7 21. Bf1 Nd7 22. c4 a5 23. Re3 Nc5 24. Rd2 b6 25. b3 Bd7 26. e5 dxe5 27. Rxe5 Kf6 28. Re3 Rhd8 29. Kc1 g5 30. Ne2 Bc6 31. Nc3 e5 32. Bd3 b5 33. cxb5 Nxd3+ 34. Rexd3 Rxd3 35. Rxd3 Bxb5 36. Re3 Bc6 37. Kd2 Rd8+ 38. Ke2 Ke6 39. Ne4 Kf5 40. Nf2 Bb5+ 41. Ke1 Rc8 42. Kd2 Ke6 43. g4 hxg3 44. hxg3 f5 45. Nd3 Bxd3 46. Kxd3 Rc1 47. a4 Kd5 48. Kd2 Rg1 49. Rd3+ Ke6 50. f4 e4 51. Rc3 Rg2+ 52. Ke1 gxf4 53. gxf4 Kd5 54. Rc8 Kd4 55. Kf1 Rg4 56. Ra8 Ke3 57. Rxa5 Rxf4+ 58. Kg2 Rf2+ 59. Kg1 f4 60. Rc5 Rb2 61. Rc3+ Kd4 62. Rc4+ Kd3 63. Rb4 f3 64. Rb8 e3 65. a5 Rb1+ 66. Kh2 f2 0-1

[Event "WchT Seniors 50"]
[Site "Krakow"]
[Date "2024.07.04"]
[Round "3.1"]
[White "Kirby, Peter J"]
[Black "Lima, Darcy Gustavo Macha"]
[Result "0-1"]
[WhiteElo "1984"]
[BlackElo "2393"]
[PlyCount "126"]
[EventDate "2024.07.02"]
[EventType "team-swiss"]
[EventRounds "9"]
[EventCountry "POL"]
[SourceTitle "CBM 221 Extra"]
[Source "ChessBase"]
[SourceDate "2024.09.30"]
[SourceVersion "1"]
[SourceVersionDate "2024.09.30"]
[SourceQuality "1"]
[WhiteTeam "Guernsey 50"]
[BlackTeam "Brazil 50"]
[WhiteTeamCountry "GCI"]
[BlackTeamCountry "BRA"]

1. Nf3 Nf6 2. c4 g6 3. Nc3 Bg7 4. g3 0-0 5. Bg2 c6 6. d4 d5 7. cxd5 cxd5 8. Ne5 e6 9. 0-0 Nfd7 10. Nxd7 Qxd7 11. b3 Nc6 12. e3 b6 13. Ba3 Rd8 14. Qd2 Ba6 15. Rfc1 Rac8 16. Bh3 h5 17. Rc2 Rc7 18. Rac1 Rdc8 19. f4 Bf6 20. Bg2 Ne7 21. Nd1 Nf5 22. Rxc7 Rxc7 23. Rxc7 Qxc7 24. Kf2 g5 25. Bf3 g4 26. Be2 Bxe2 27. Qxe2 Kg7 28. Kg2 Qc8 29. h3 gxh3+ 30. Kh2 Qh8 31. g4 hxg4 32. Qxg4+ Kh7 33. Qh5+ Nh6 34. Nf2 Qg8 35. Qxh3 Qg6 36. Qg2 Qc2 37. Bf8 Nf5 38. Ng4 Qxg2+ 39. Kxg2 Bh4 40. Kf3 f6 41. a4 a6 42. Bb4 Kg6 43. Ba3 Ng3 44. Nf2 Nf1 45. Bc1 Nh2+ 46. Kg2 Bxf2 47. Kxh2 Kf5 48. Kg2 Be1 49. Kf3 Bb4 50. Bb2 b5 51. axb5 axb5 52. Bc1 Bc3 53. Ba3 b4 54. Bc1 Kg6 55. Kg4 f5+ 56. Kh4 Be1+ 57. Kh3 Kh5 58. Bb2 Bd2 59. Kg3 Bxe3 60. Kf3 Bd2 61. Ba1 Kh4 62. Bb2 Kh3 63. Ba1 Kh2 0-1

[Event "Rio de Janeiro op 3rd"]
[Site "Rio de Janeiro"]
[Date "2024.04.23"]
[Round "2"]
[White "Urquiza, Marcello de Albuque"]
[Black "Lima, Darcy Gustavo Macha"]
[Result "0-1"]
[WhiteElo "2005"]
[BlackElo "2369"]
[PlyCount "62"]
[EventDate "2024.04.22"]
[EventType "swiss"]
[EventRounds "9"]
[EventCountry "BRA"]
[SourceTitle "CBM 219 Extra"]
[Source "ChessBase"]
[SourceDate "2024.05.31"]
[SourceVersion "1"]
[SourceVersionDate "2024.05.31"]
[SourceQuality "1"]

1. e4 c5 2. Nf3 e6 3. d4 cxd4 4. Nxd4 Nf6 5. Nc3 d6 6. Be2 Be7 7. 0-0 0-0 8. Be3 Nc6 9. Nb3 a6 10. a4 b6 11. f4 Bb7 12. Bf3 Nd7 13. Qe1 Na5 14. Rd1 Nc4 15. Bc1 b5 16. Kh1 Qb6 17. Nd4 Bf6 18. e5 dxe5 19. Nxe6 Rfe8 20. Rxd7 Bxf3 21. Rxf3 Qxe6 22. Rd1 e4 23. f5 Qc6 24. Rf4 e3 25. Rd3 Bg5 26. Rg4 f6 27. h4 Bh6 28. Nd5 Ne5 29. Rgd4 Nxd3 30. Rxd3 Qxc2 31. Rc3 Qf2 0-1